Akí sú? - Japonci zábavný sprievodca národnou povahou

Podrobná bibliografia
Hlavní autori: Kaji, Sahoko (Autor), Hama, Noriko, 1952- (Autor), Ainsley, Robert (Autor), Rice, Jonathan (Autor)
Korporatívny autor: Lingea (Bratislava, Slovensko) (Prekladateľ)
Ďalší autori: Bejdová, Romana (Ilustrátor)
Médium: Kniha
Jazyk:slovenčina
angličtina
PhysicalDescription:96 strán ilustrácie 18 cm
Vydavateľské údaje: V Bratislave Lingea 2021
ISBN:9788081452369
Vydanie:1. vydanie
Predmet:

MARC

LEADER 00000cam a2200000 4500
001 vtls012064593
003 SK-MaSNL
005 20260301080500.0
008 210805s2021 xo a gr 000 0dslo
015 |a SNBA2021/11 
020 |a 9788081452369  |q (brožované) 
040 |a SNK  |b slo  |c SNK  |e rda 
041 1 |a slo  |h eng 
043 |a a-ja--- 
044 |a xo  |c SK 
072 7 |a 316.3  |x Globálne spoločnosti. Sociálna štruktúra. Sociálne skupiny  |2 konspekt 
080 |a (=521)  |2 2011 
080 |a 159.922.4  |2 2011 
080 |a (0.062)  |2 2011 
080 |a 39  |2 2011 
080 |a 316.3  |2 2011 
100 1 |a Kaji, Sahoko  |4 aut  |9 402255 
240 1 0 |a Xenophobe's guide to the Japanese  |l slovensky 
245 1 0 |a Akí sú? - Japonci  |b zábavný sprievodca národnou povahou  |c autori: Sahoko Kaji, Noriko Hama, Robert Ainsley, Jonathan Rice ; ilustrácie: Romana Bejdová ; z anglického originálu Xenophobe's guide to the Japanese preložil kolektiv Lingea s.r.o. 
246 3 0 |a Japonci 
246 3 3 |a Akí sú Japonci 
250 |a 1. vydanie 
264 1 |a V Bratislave  |b Lingea  |c 2021 
300 |a 96 strán  |b ilustrácie  |c 18 cm 
336 |a text  |b txt  |2 rdacontent 
337 |a bez média  |b n  |2 rdamedia 
338 |a zväzok  |b nc  |2 rdacarrier 
650 0 7 |a Japonci  |2 SNKPH  |9 59389 
650 0 7 |a národná mentalita  |2 SNKPH  |9 66879 
650 0 7 |a národná identita  |2 SNKPH  |9 1665 
650 0 7 |a zvyky a obyčaje  |2 SNKPH  |9 4086 
650 0 7 |a Japanese  |2 SNKPHeng  |9 402256 
650 0 7 |a National characteristics  |2 SNKPHeng  |9 312765 
650 0 7 |a National identity  |2 SNKPHeng  |9 282676 
650 0 7 |a Manners and customs  |2 SNKPHeng  |9 312766 
655 7 |a populárno-náučné publikácie  |2 SNKPH  |9 70460 
655 7 |a Popular works  |2 SNKPHeng  |9 90287 
700 1 |a Hama, Noriko,  |d 1952-  |4 aut  |9 214407 
700 1 |a Ainsley, Robert  |4 aut  |9 386951 
700 1 |a Rice, Jonathan  |4 aut  |9 402257 
700 1 |a Bejdová, Romana  |4 ill  |9 193883 
710 2 |a Lingea (Bratislava, Slovensko)  |4 trl  |9 216753 
752 |a Slovensko  |d Bratislava 
919 |a 978-80-8145-236-9 
958 |a OP 
999 |c 653293  |d 655223 
952 |a SNK  |b SNK  |y PREZ  |7 0  |p 17A1468420  |o snkSD 90273  |i snk2021/17293  |8 0  |0 0  |1 0  |4 0  |d 2021-11-05  |f 1  |l 0  |r 2026-02-23 18:28:13  |w 2026-02-23 
952 |a SNK  |b SNK  |y VYP  |7 0  |p 17A1468421  |o snkSD 90273 D1  |i snk2021/17294  |8 0  |0 0  |1 0  |4 0  |d 2021-11-05  |l 0  |r 2026-02-23 18:28:13  |w 2026-02-23